Zavádzanie personálneho controllingu v malých a stredných podnikoch

Personálny controlling ako súčasť riadenia ľudských zdrojov a jeho aplikácia v malých a stredných podnikoch. Teoretické vymedzenie personálneho controllingu. Postup zavádzania personálneho controllingu do MSP.

Salvato in:
Dettagli Bibliografici
Autore principale: Soósová, Veronika
Natura: Capitolo di libro
Lingua:slovacco
Soggetti:
Tags: Aggiungi Tag
Nessun Tag, puoi essere il primo ad aggiungerne!!

MARC

LEADER 00000nla$a2200000$$$4500
001 0142163
005 20240502072540.2
041 0 |a slo 
044 |a SK 
245 1 0 |a Zavádzanie personálneho controllingu v malých a stredných podnikoch  |c Veronika Soósová 
520 |a Personálny controlling ako súčasť riadenia ľudských zdrojov a jeho aplikácia v malých a stredných podnikoch. Teoretické vymedzenie personálneho controllingu. Postup zavádzania personálneho controllingu do MSP. 
610 2 0 |a podnik malý 
610 2 0 |a podnik stredný 
610 2 0 |a veľkosť podnikov 
610 2 0 |a metódy riadenia 
610 2 0 |a riadenie ľudských zdrojov 
610 2 0 |a zdroje ľudské 
610 2 0 |a riadenie personálne 
610 2 0 |a kapitál ľudský 
610 2 0 |a kontroling 
100 1 |a Soósová, Veronika